Monogràfic sobre Consells Escolars
Descripción Física:
138 p. : il. ; 30 cm
MARC
| LEADER | 00000nam a2200000Ia 4500 | ||
|---|---|---|---|
| 001 | 11736 | ||
| 008 | 160829s1997 xx 000 0 cat d | ||
| 080 | |a E-1-175 | ||
| 245 | |a Monogràfic sobre Consells Escolars | ||
| 260 | |a Barcelona : |b Diputació de Barcelona. Servei d'Ensenyament, |c 1997 | ||
| 300 | |a 138 p. : |b il. ; |c 30 cm | ||
| 590 | |a A la coberta, abans del títol: 'Us podem informar sobre:' | ||
| 650 | |a Consells escolars |9 31506 | ||
| 650 | |a Educació |x Dret i legislació |9 31507 | ||
| 710 | 1 | |a Barcelona (Catalunya : Província). |b Servei d'Ensenyament |9 54959 | |
| 901 | |a Arxiu | ||
| 942 | |n 1 | ||
| 952 | |0 0 |1 0 |4 0 |6 E1175 |7 1 |9 45641 |a Arxiu |b Arxiu |d 2016-12-01 |l 0 |o E-1-175 |p 11736 |r 2016-12-01 00:00:00 |w 2016-12-01 |y ARXIU | ||
| 999 | |c 49140 |d 49140 | ||